000 01073 a2200265 4500
999 _c3135
_d3135
020 _a0534187382
050 0 0 _aHQ 734 LAM 1994
100 1 _aLamanna, Mary Ann.
_eauthor
245 1 0 _aMarriages and families :
_bmaking choices and facing change /
_cMary Ann Lamanna, Agnes Riedmann.
250 _a5th ed.
264 _aWadsworth publishing company,
_c1994
300 _axxvii, 709 p. :
_bill. (chiefly col.) ;
500 _aincludes index
504 _aIncludes bibliographical references
650 0 _aMarriage.
650 0 _aFamilies.
650 0 _aRemarriage.
650 0 _aSingle people.
650 0 _aChoice (Psychology)
700 1 _aRiedmann, Agnes Czerwinski.
_eauthor
856 4 2 _3Contributor biographical information
_uhttp://www.loc.gov/catdir/enhancements/fy1515/93016883-b.html
856 4 2 _3Publisher description
_uhttp://www.loc.gov/catdir/enhancements/fy1515/93016883-d.html
942 _2lcc
_cBK
_e5th ed.
_h734
_iLAM
_kHQ